Diccionario de filosofía / (Record no. 132835)

MARC details
000 -LEADER
campo de control de longitud fija 00595nam a2200205 4500
001 - NÚMERO DE CONTROL
campo de control 132835
003 - IDENTIFICADOR DE NÚMERO DE CONTROL
campo de control ES-MaACL
005 - FECHA Y HORA DE LA ÚLTIMA TRANSACCIÓN
campo de control 20230906194247.0
007 - CAMPO FIJO DE DESCRIPCIÓN FÍSICA--INFORMACIÓN GENERAL
campo de control de longitud fija t|
008 - DATOS DE LONGITUD FIJA--INFORMACIÓN GENERAL
campo de control de longitud fija 070214s1978 sp r ||||1| spa d
100 1# - ENTRADA PRINCIPAL--NOMBRE DE PERSONA
Nombre de persona Rosental, M. M.
9 (RLIN) 99757
245 10 - MENCIÓN DEL TÍTULO
Título Diccionario de filosofía /
Mención de responsabilidad, etc. M. M. Rosental ; traducción del ruso de Augusto Vidal Roget.
260 ## - PUBLICACIÓN, DISTRIBUCIÓN, ETC.
Lugar de publicación, distribución, etc. Madrid :
Nombre del editor, distribuidor, etc. Akal,
Fecha de publicación, distribución, etc. 1978.
300 ## - DESCRIPCIÓN FÍSICA
Extensión 498 p. ;
Dimensiones 18 cm.
490 1# - MENCIÓN DE SERIE
Mención de serie Akal ;
Designación de volumen o secuencia 74
700 1# - ENTRADA AGREGADA--NOMBRE PERSONAL
Nombre de persona Vidal Roget, Augusto.
9 (RLIN) 114515
830 0# - PUNTO DE ACCESO ADICIONAL DE SERIE-TÍTULO UNIFORME
Título uniforme Akal ;
Designación de volumen o secuencia 74
9 (RLIN) 180805
852 ## - LOCALIZACIÓN
Ubicación ES-MaACL
Número de control de estantería A-8590
Sublocalización o colección R.97467
Holdings
Estatus retirado Estado de pérdida Estado de daño No para préstamo Colección Biblioteca de origen Biblioteca actual Ubicación en estantería Fecha de adquisición Fuente de adquisición Total de préstamos Signatura topográfica completa Código de barras Visto por última vez Precio de reemplazo Tipo de ítem Koha
        Colección de referencia Biblioteca del Ateneo de Madrid Biblioteca del Ateneo de Madrid Depósito 1 17/01/2008     A-8590 1138290 23/02/2023 23/02/2023 Libro impreso